Trouvez les nationalités des marques automobiles 🚗​🚗​ - Statistiques

Statistiques générales
  • Ce quiz a été pris 173 fois
    156 depuis la dernière actualisation
  • Le résultat moyen est 12 sur 15
Statistiques - réponses
Question Réponse % Correct
Audi Allemagne ​🇩🇪​
100%
Citroën France 🇨🇵​
99%
Ferrari 🐎​🏎️​ Italie 🇮🇹​
99%
Rolls Royce Grande-Bretagne
96%
Cadillac USA 🇺🇸​
96%
Corvette USA 🇺🇸​
94%
Subaru Japon 🇯🇵​
93%
Toyota Japon 🇯🇵​
92%
SEAT Espagne ​🇪🇦​
89%
Cupra Espagne ​🇪🇦​
88%
koenigsegg Suède 🇸🇪​
75%
MG Chine ​🇨🇳
74%
Smart Allemagne ​🇩🇪​
68%
Infiniti Japon 🇯🇵​
47%
Apollo Allemagne ​🇩🇪​
20%
Aucun quiz correspondant
Distribution des résultats
% des personnes avec chaque résultat
Percentile par nombre de réponses
Votre historique - résultats
Vous n’avez pas pris ce quiz depuis la dernière actualisation